Namen von berühmten Fußballspielern - Statistiken

Allgemein
  • Dieses Quiz wurde 254 mal gespielt
  • Das Durchschnittsergebnis liegt bei 5 aus 15
Antwortstatistiken
Hint Antwort % Korrekt
Ronaldo Luís Nazário de Lima Ronaldo
93%
Neymar da Silva Santos Júnior Neymar Jr.
73%
Xavier Hernández i Creus Xavi
69%
Marcelo Vieira da Silva Júnior Marcelo
60%
Ronaldo de Assis Moreira Ronaldinho
50%
Edson Arantes do Nascimento Pele
41%
Vinícius José Paixão de Oliveira Júnior Vinícius Júnior
40%
Lucimar da Silva Ferreira Lúcio
27%
Claudiano Bezerra da Silva Kaká
23%
José Roberto da Silva Júnior Ze Roberto
20%
Arthur Antunes Coimbra Zico
11%
Marcos Evangelista de Moraes Cafu
8%
Frederico Chaves Guedes Fred
8%
Nelson de Jesús Silva Dida
7%
Anderson Luiz de Souza Deco
2%
Keine übereinstimmenden Quizze gefunden
Verteilung der Resultate
Anzahl Personen mit jedem Resultat
Perzentil nach korrekt beantworteten Fragen
Ihre Resultats-Entwicklung
Sie haben dieses Quiz noch nicht gespielt